000 00644nam a22002177a 4500
003 OSt
005 20250718154249.0
008 250718b |||||||| |||| 00| 0 eng d
020 _a0-07-868006-9
040 _cChuka University Library
050 _aKF 1522
_b.B76 2006
100 _aBrown, Gordon W. and Paul A. Sukys
_919750
245 _aUnderstanding business & personal law
250 _aTeacher Wraparound
260 _aWoodland Hills, California
_bMcGraw-Hill
_c2006
300 _aVarious pagings
650 _aLaw study and teaching
_914085
650 _aBusiness law
_98712
650 _aPersonal law
_919751
942 _2lcc
_cBK
_n0
999 _c19522
_d19522